<?xml version="1.0" encoding="UTF-8"?>
<collection xmlns="http://www.loc.gov/MARC21/slim">
 <record>
  <leader>04557nam a2200337 a 4500</leader>
  <controlfield tag="001">kal4372</controlfield>
  <controlfield tag="003">Gr-AtHEAL</controlfield>
  <controlfield tag="005">20160422110251.0</controlfield>
  <controlfield tag="006">m        d        </controlfield>
  <controlfield tag="008">160413s2015    gr      s           gre|c</controlfield>
  <datafield tag="020" ind1=" " ind2=" ">
   <subfield code="a">9789606031335</subfield>
  </datafield>
  <datafield tag="040" ind1=" " ind2=" ">
   <subfield code="a">GR-AtHEAL</subfield>
   <subfield code="b">gre</subfield>
   <subfield code="c">GR-AtHEAL</subfield>
  </datafield>
  <datafield tag="082" ind1="0" ind2="4">
   <subfield code="a">571.6</subfield>
   <subfield code="2">23</subfield>
  </datafield>
  <datafield tag="100" ind1="1" ind2=" ">
   <subfield code="a">Δεδούσης, Γεώργιος.</subfield>
   <subfield code="8">810</subfield>
  </datafield>
  <datafield tag="245" ind1="1" ind2="0">
   <subfield code="a">Εργαστηριακές ασκήσεις βιολογίας κυττάρου </subfield>
   <subfield code="h">[Ηλεκτρονικός πόρος] </subfield>
   <subfield code="c">Δεδούσης, Γεώργιος ; Κώτσου, Μαρία ; Αμερικάνου, Χαραλαμπία ; Κριτικός αναγνώστης,Τρούγκος, Κωνσταντίνος ; Τεχνική επιμέλεια,Σφυράκης, Χρυσοβαλάντης ; Τεχνική επιμέλεια,Σίλης, Αθανάσιος ; Γλωσσική επιμέλεια,Ρηγοπούλου, Σταυρούλα.</subfield>
  </datafield>
  <datafield tag="260" ind1=" " ind2=" ">
   <subfield code="a">Αθήνα :</subfield>
   <subfield code="b">Σύνδεσμος Ελληνικών Ακαδημαϊκών Βιβλιοθηκών,</subfield>
   <subfield code="c">c2015.</subfield>
  </datafield>
  <datafield tag="490" ind1=" " ind2=" ">
   <subfield code="a">Ακαδημαϊκά Ηλεκτρονικά Συγγράμματα και Βοηθήματα Κάλλιπος</subfield>
   <subfield code="8">40</subfield>
  </datafield>
  <datafield tag="520" ind1=" " ind2=" ">
   <subfield code="a">Το βιβλίο αποτελεί ένα χρηστικό οδηγό εργαστηριακών ασκήσεων με στόχο τη διδασκαλία βασικών θεμάτων της βιολογίας σε κυτταρικό επίπεδο. Κάθε κεφάλαιο περιλαμβάνει αρχικά μια σύντομη αναφορά στους εκπαιδευτικούς στόχους της αντίστοιχης ενότητας, το θεωρητικό μέρος (στο οποίο παρέχονται οι θεμελιώδεις προαπαιτούμενες γνώσεις για τη διεξαγωγή της εργαστηριακής άσκησης, πιθανές εφαρμογές στις επιστήμες υγείας, λέξεις ευρετηρίου και ερωτήσεις κατανόησης της θεωρίας), το πρακτικό μέρος (αναφέρονται τα απαιτούμενα υλικά-όργανα-αντιδραστήρια, τα βήματα της πειραματικής διαδικασίας, καθώς και ερωτήσεις-ασκήσεις κατανόησης/αξιολόγησης), επιλογές από εποπτικό υλικό στο διαδίκτυο και η βιβλιογραφία. Το πρακτικό μέρος των ασκήσεων περιλαμβάνει ενότητες που αναφέρονται στο φωτονικό μικροσκόπιο, στην παρατήρηση παρασκευασμάτων (πρωτίστων, ανθρώπινων κυττάρων, μικροοργανισμών από στάσιμα νερά, παρασιτικών σκωλήκων),σε νωπό παρασκεύασμα από επίχρισμα επιθηλιακών κυττάρων του εσωτερικού της παρειάς, στην ανατομία φυτικών οργανισμών (φύλλο, ρίζα), στο φαινόμενο της ώσμωσης, στη μίτωση σε ακροριζίδια κρεμμυδιού, στην απομόνωση μονοπύρηνων κυττάρων από περιφερικό αίμα, στη γονιμοποίηση στονν αχινό, καθώς και επίσκεψη σε μουσειακό χώρο βιολογικών εκθεμάτων.</subfield>
  </datafield>
  <datafield tag="650" ind1=" " ind2="0">
   <subfield code="a">Cells</subfield>
   <subfield code="8">2263</subfield>
  </datafield>
  <datafield tag="650" ind1=" " ind2="0">
   <subfield code="a">Cytology</subfield>
   <subfield code="x">Laboratory manuals</subfield>
   <subfield code="8">2264</subfield>
  </datafield>
  <datafield tag="653" ind1=" " ind2=" ">
   <subfield code="a">Εργαστηριακές ασκήσεις</subfield>
  </datafield>
  <datafield tag="653" ind1=" " ind2=" ">
   <subfield code="a">Βιολογία κυττάρου</subfield>
  </datafield>
  <datafield tag="653" ind1=" " ind2=" ">
   <subfield code="a">Επιστήμες της ζωής</subfield>
   <subfield code="a">Μοριακές βιοεπιστημες</subfield>
   <subfield code="a">Βιολογία κυττάρου/κυτταρική βιολογία</subfield>
  </datafield>
  <datafield tag="700" ind1="1" ind2=" ">
   <subfield code="a">Αμερικάνου, Χαραλαμπία</subfield>
   <subfield code="e">Συγγραφέας</subfield>
   <subfield code="8">811</subfield>
  </datafield>
  <datafield tag="700" ind1="1" ind2=" ">
   <subfield code="a">Κώτσου, Μαρία</subfield>
   <subfield code="e">Συγγραφέας</subfield>
   <subfield code="8">812</subfield>
  </datafield>
  <datafield tag="700" ind1="1" ind2=" ">
   <subfield code="a">Τρούγκος, Κωνσταντίνος</subfield>
   <subfield code="e">Κριτικός αναγνώστης</subfield>
   <subfield code="8">813</subfield>
  </datafield>
  <datafield tag="856" ind1="4" ind2="0">
   <subfield code="u">http://hdl.handle.net/11419/4372</subfield>
   <subfield code="z">Πλήρες Κείμενο - Full text</subfield>
  </datafield>
  <datafield tag="907" ind1=" " ind2=" ">
   <subfield code="a">.b25680328</subfield>
   <subfield code="b">12-06-18</subfield>
   <subfield code="c">29-07-16</subfield>
  </datafield>
  <datafield tag="949" ind1=" " ind2=" ">
   <subfield code="0">0</subfield>
   <subfield code="1">0</subfield>
   <subfield code="2">ddc</subfield>
   <subfield code="4">0</subfield>
   <subfield code="6">571_600000000000000_ΔΕΔ</subfield>
   <subfield code="7">0</subfield>
   <subfield code="8">KALL</subfield>
   <subfield code="8">791</subfield>
   <subfield code="d">2016-04-13</subfield>
   <subfield code="r">2016-04-13</subfield>
   <subfield code="w">2016-04-13</subfield>
   <subfield code="z">571.6 ΔΕΔ</subfield>
   <subfield code="o">SEAB KALLIPOS</subfield>
  </datafield>
  <datafield tag="998" ind1=" " ind2=" ">
   <subfield code="a">80</subfield>
   <subfield code="a">01</subfield>
   <subfield code="a">02</subfield>
   <subfield code="a">03</subfield>
   <subfield code="a">04</subfield>
   <subfield code="a">05</subfield>
   <subfield code="a">06</subfield>
   <subfield code="a">07</subfield>
   <subfield code="a">08</subfield>
   <subfield code="a">09</subfield>
   <subfield code="a">10</subfield>
   <subfield code="a">11</subfield>
   <subfield code="a">12</subfield>
   <subfield code="a">13</subfield>
   <subfield code="a">14</subfield>
   <subfield code="a">15</subfield>
   <subfield code="a">16</subfield>
   <subfield code="a">17</subfield>
   <subfield code="a">18</subfield>
   <subfield code="a">19</subfield>
   <subfield code="a">20</subfield>
   <subfield code="a">21</subfield>
   <subfield code="a">22</subfield>
   <subfield code="a">23</subfield>
   <subfield code="a">24</subfield>
   <subfield code="a">25</subfield>
   <subfield code="a">26</subfield>
   <subfield code="b">15-05-17</subfield>
   <subfield code="c">m</subfield>
   <subfield code="d">z  </subfield>
   <subfield code="e">-</subfield>
   <subfield code="f">gre</subfield>
   <subfield code="g">gr </subfield>
   <subfield code="h">0</subfield>
  </datafield>
  <datafield tag="942" ind1=" " ind2=" ">
   <subfield code="2">ddc</subfield>
   <subfield code="c">KALLIPOS</subfield>
  </datafield>
 </record>
</collection>
